[Event "Reykjavik Open 2026"]
[Site "Reykjavik"]
[Date "2026.03.27"]
[Round "4.74"]
[White "Hauksdottir, Hrund"]
[Black "Karason, Askell O"]
[Result "½-½"]
[WhiteElo "1830"]
[WhiteFideId "2302608"]
[BlackElo "2109"]
[BlackTitle "IM"]
[BlackFideId "2300567"]
[Variant "Standard"]

1. e4 c5 2. Nf3 Nc6 3. d4 cxd4 4. Nxd4 g6 5. c4 Bg7 6. Be3 Nf6 7. Nc3 O-O 8. Be2 d6 9. O-O Bd7 10. h3 Nxd4 11. Bxd4 Bc6 12. Qc2 a5 13. Rad1 Nd7 14. Bxg7 Kxg7 15. b3 Qb6 16. Rfe1 Kg8 17. Nd5 Bxd5 18. Rxd5 Rac8 19. Bg4 e6 20. Rd2 Rc6 21. Qd1 a4 22. Bf3 e5 23. Bg4 Nc5 24. Re3 axb3 25. axb3 Ra8 26. h4 Ra3 27. b4 Qxb4 28. Rxa3 Qxa3 29. Rxd6 Rxd6 30. Qxd6 Qa1+ 31. Kh2 Nxe4 32. Qb8+ Kg7 33. Qxb7 Qd4 34. Be6 Nd6 35. Qe7 Qf4+ 36. Kg1 Ne4 37. Qa7 Nxf2 38. Qxf2 fxe6 39. c5 Qc1+ 40. Kh2 Qc4 41. g3 e4 42. Qb2+ Kf7 43. Qb7+ Kf6 44. c6 Qe2+ 45. Kh3 Qf1+ 46. Kh2 Qf2+ { Draw agreed. } ½-½

[Event "Reykjavik Open 2026"]
[Site "Reykjavik"]
[Date "2026.03.27"]
[Round "4.112"]
[White "Jorgensen, Peter"]
[Black "Brzezina, Pawel"]
[Result "0-1"]
[WhiteElo "1862"]
[WhiteFideId "1482556"]
[BlackElo "2248"]
[BlackFideId "21078866"]
[Variant "Standard"]

1. e4 c5 (1... e5 2. Nf3 Nc6 3. Bc4 Nf6 4. d3 Bc5) 2. d4 cxd4 3. c3 Nc6 4. e5 Na5 5. cxd4 d6 6. exd6 Qxd6 7. Nc3 Nc6 8. g3 Bf5 9. Na4 (9. Bg2 Nb4 10. Nb5 Qd7 11. Bf4 e5 12. Qe2 Be7 13. Bc6 bxc6 14. Nc7+ Qxc7 15. dxe5 Qa5) 0-1

[Event "Reykjavik Open 2026"]
[Site "Reykjavik"]
[Date "2026.03.27"]
[Round "4.141"]
[White "Thorisson, Benedikt"]
[Black "Tran, Anh Hai"]
[Result "1-0"]
[WhiteElo "2003"]
[WhiteFideId "2314576"]
[BlackElo "1705"]
[BlackFideId "2334259"]
[Variant "Standard"]

1. e4 e5 2. Nf3 Nc6 3. Bc4 Bc5 (3... Nf6 4. d3) 4. c3 Nf6 5. d3 d6 6. Nbd2 O-O 7. h3 h6 8. Nf1 Be6 9. Bb3 Qe7 10. g4 g5 11. Ng3 Qd7 12. Nf5 Bxf5 13. gxf5 d5 14. Qe2 dxe4 15. dxe4 Rad8 16. Nxg5 hxg5 17. Bxg5 Kg7 18. Rg1 Rg8 19. Rg3 Be7 20. Rd1 Qc8 21. Rxd8 Qxd8 22. Bxf6+ Kxf6 23. Qh5 Rxg3 24. Qxf7+ Kg5 25. Qg6+ Kf4 26. Qxg3+ Kxe4 27. Qg4+ Kd3 28. Qe2# 1-0